000 00455nam a2200181Ia 4500
001 7353
005 20260306160449.0
008 260306t2007||||xx |||||||||||||| ||spa||
041 _aESP
082 _a338.5443
_bW58
100 _aWilson, J. Holton
_eAUT
245 0 _aPronósticos en los negocios:
_bcon ForecastX basado en Excel
260 _c2007
300 _a461 páginas :
_c24 cm.
650 _aGEN
654 _aCAN
942 _cLIB
_dJUS
_fJUS
_2ddc
_n
999 _c7353
_d7353